000 00554nam a22001457a 4500
003 macl
005 20200111162018.0
008 200111b xxu||||| |||| 00| 0 eng d
040 _cmacl
100 _aमोरलैण्‍ड डब्‍ल्‍यू एच भादानी, बी एल
_977793
245 _aजहाँगीरकालीन भारत
260 _aजयपुर
_bराष्‍ट्रीय साहित्‍य संस्‍थान
_c2019
650 _aयात्रा
_977794
942 _2ddc
_cHIN
999 _c61775
_d61775